Les grecs, les historiens, la democratie: Le grand écran

Сохранить в:
Библиографические подробности
Главный автор: Pierre Vidal-Naquet
Формат:
Язык:Undetermined
Опубликовано: Paris Éditions La Découverte 2000
Предметы:
Метки: Добавить метку
Нет меток, Требуется 1-ая метка записи!
Thư viện lưu trữ: Trung tâm Học liệu Trường Đại học Cần Thơ
LEADER 00529nam a2200181Ia 4500
001 CTU_73029
008 210402s9999 xx 000 0 und d
082 |a 938 
082 |b V649 
100 |a Pierre Vidal-Naquet 
245 0 |a Les grecs, les historiens, la democratie: Le grand écran 
260 |a Paris 
260 |b Éditions La Découverte 
260 |c 2000 
650 |a greece,greece,athens 
650 |x historiography,democracy,history 
904 |i Minh 
980 |a Trung tâm Học liệu Trường Đại học Cần Thơ